[Event "III Open Dicembre"]
[Site "Arco ITA"]
[Date "2012.12.29"]
[Round "6"]
[White "Paniga, Danilo"]
[Black "Campini, Marco"]
[WhiteElo "1859"]
[BlackElo "2098"]
[Result "1-0"]
[PlyCount "165"]
[EventDate "2012.12.26"]

1. d4 d5 2. Nf3 Nf6 3. e3 e6 4. Nbd2 b6 5. Bd3 Bb7 6. O-O Nbd7 7. Qe2 Ne4 8. c3
Bd6 9. Ne1 Qh4 10. g3 Qh3 11. f3 Nef6 12. Qg2 Qxg2+ 13. Nxg2 O-O-O 14. b4 e5
15. a4 a6 16. b5 a5 17. Ba3 Kb8 18. Bb2 Rhe8 19. f4 exf4 20. exf4 Ne4 21. Bxe4
dxe4 22. Ne3 Bf8 23. Ndc4 Ka7 24. Nf5 g6 25. Nfe3 f6 26. Ba3 Be7 27. Rad1 Nb8
28. d5 Bxa3 29. Nxa3 Nd7 30. Nac4 Nc5 31. Nb2 Re7 32. c4 Bc8 33. Kf2 Bh3 34.
Rfe1 h5 35. Nc2 Rf7 36. Nd4 Kb7 37. Ke3 Rd6 38. Ra1 Rh7 39. Rg1 Bg4 40. Rh1 Bd7
41. Ra3 h4 42. Raa1 Rh5 43. Rag1 g5 44. g4 gxf4+ 45. Kxf4 Re5 46. Nc6 Bxc6 47.
bxc6+ Kc8 48. h3 Rd8 49. g5 Rxg5 50. Rxg5 fxg5+ 51. Kxg5 Rg8+ 52. Kxh4 Rg2 53.
Rf1 Kd8 54. Nd1 Rg8 55. Nc3 e3 56. Re1 Re8 57. Kg3 Nb3 58. Ne2 Nd2 59. Nd4 Re4
60. Ne6+ Ke7 61. Nxc7 Nxc4 62. Nb5 Re5 63. Nc3 Kd6 64. Kf4 Re7 65. Nb5+ Kxd5
66. c7 Rf7+ 67. Kg5 Rf8 68. Rd1+ Nd2 69. Rc1 Ne4+ 70. Kg6 e2 71. Re1 Nd6 72.
Rxe2 Nxb5 73. axb5 Rc8 74. Rc2 a4 75. h4 a3 76. h5 Kd6 77. h6 a2 78. Rxa2 Rxc7
79. h7 Rc8 80. Rd2+ Ke6 81. Rf2 Rd8 82. Rf6+ Ke5 83. Rxb6 1-0

[Event "III Open Dicembre"]
[Site "Arco ITA"]
[Date "2012.12.29"]
[Round "6"]
[White "Perich, Stefano"]
[Black "Dappiano, Andrea"]
[WhiteElo "1870"]
[BlackElo "2183"]
[Result "1/2-1/2"]
[PlyCount "98"]
[EventDate "2012.12.26"]

1. g3 e5 2. Bg2 Nc6 3. e4 g6 4. d3 Bg7 5. c3 Nge7 6. Ne2 O-O 7. O-O d6 8. Be3
Be6 9. h3 Qd7 10. Kh2 f5 11. f4 d5 12. Qc2 d4 13. Bg1 fxe4 14. Bxe4 Bxh3 15.
Rf2 Bf5 16. cxd4 exd4 17. Nd2 Bxe4 18. Nxe4 Nf5 19. Rf3 Nd6 20. Kg2 Nxe4 21.
dxe4 Kh8 22. a3 Rad8 23. Rd1 Qe6 24. Qd3 Rd7 25. b4 a6 26. e5 Rfd8 27. Qe4 Qa2
28. Rfd3 a5 29. R1d2 Qc4 30. bxa5 Nxa5 31. e6 Qd5 32. Qxd5 Rxd5 33. Bxd4 Bxd4
34. Rxd4 Rxd4 35. Rxd4 Rxd4 36. Nxd4 Kg7 37. g4 Kf6 38. f5 gxf5 39. gxf5 c5 40.
Nb5 Nc6 41. Nd6 b6 42. Kf3 Ke5 43. Nc8 Nd4+ 44. Kf2 Nxf5 45. e7 Ng7 46. Nxb6
Kd6 47. a4 Kc6 48. a5 Ne8 49. Nc4 Kd5 1/2-1/2

[Event "III Open Dicembre"]
[Site "Arco ITA"]
[Date "2012.12.29"]
[Round "6"]
[White "Spornberger, Maximilian"]
[Black "Bevilacqua, Maurizio"]
[WhiteElo "2265"]
[BlackElo "2092"]
[Result "1-0"]
[PlyCount "63"]
[EventDate "2012.12.26"]

1. e4 c5 2. c3 e6 3. d4 Qa5 4. dxc5 Qxc5 5. Be3 Qc7 6. Nd2 Nf6 7. g3 b6 8. Bg2
Bb7 9. Nh3 Na6 10. O-O Nc5 11. Bxc5 Bxc5 12. b4 Be7 13. Qb3 O-O 14. c4 d5 15.
exd5 exd5 16. cxd5 Bxd5 17. Bxd5 Nxd5 18. Qxd5 Rad8 19. Qc4 Qd7 20. Rae1 Rfe8
21. Re2 Qxh3 22. Rfe1 Kf8 23. Nf3 Qf5 24. Nd4 Qc8 25. Nc6 Rd7 26. b5 Qc7 27.
Qc2 g6 28. Qb2 Kg8 29. Qb3 Qd6 30. Ne5 Qd5 31. Nxd7 Qxd7 32. Qc4 1-0

[Event "III Open Dicembre"]
[Site "Arco ITA"]
[Date "2012.12.29"]
[Round "6"]
[White "Trauth, Michael"]
[Black "Lezzerini, Marco"]
[WhiteElo "2155"]
[BlackElo "1928"]
[Result "1/2-1/2"]
[PlyCount "104"]
[EventDate "2012.12.26"]

1. Nf3 d6 2. g3 e5 3. Bg2 f5 4. d3 Nf6 5. c4 Be7 6. Nc3 O-O 7. O-O Qe8 8. b4
Qh5 9. e3 g5 10. Nd2 Qh6 11. Qe2 f4 12. exf4 gxf4 13. Nd5 Nxd5 14. Bxd5+ Kh8
15. Nb3 c6 16. Bg2 Bh3 17. Bxf4 exf4 18. Qxe7 Nd7 19. Bxh3 Qxh3 20. Qh4 Qxh4
21. gxh4 f3 22. Rad1 Ne5 23. Nd4 Rf4 24. Nc2 Rxh4 25. Ne3 Rg8+ 26. Kh1 Rg5 27.
Rfe1 Rgh5 28. Nf1 Ng4 29. Kg1 Nxh2 30. Ng3 Rg5 31. Re8+ Kg7 32. Rde1 Ng4 33.
R1e7+ Kg6 34. Rd7 Nf6 35. Rxd6 Kf7 36. Ree6 Ne8 37. Rh6 Rxh6 38. Rxh6 Kg7 39.
Re6 Nf6 40. Re3 h5 41. Kf1 Ng4 42. Re7+ Kg6 43. Rxb7 h4 44. Ne4 Nh2+ 45. Ke1
Rg1+ 46. Kd2 Nf1+ 47. Kc3 h3 48. Rc7 h2 49. Rxc6+ Kg7 50. Rc7+ Kg6 51. Rc6+ Kg7
52. Rc7+ Kg6 1/2-1/2

[Event "III Open Dicembre"]
[Site "Arco ITA"]
[Date "2012.12.30"]
[Round "7"]
[White "Benaglia, Giovanni"]
[Black "Trauth, Michael"]
[WhiteElo "1939"]
[BlackElo "2155"]
[Result "0-1"]
[PlyCount "92"]
[EventDate "2012.12.26"]

1. b3 Nf6 2. Bb2 e6 3. e3 b6 4. f4 Bb7 5. Nf3 Be7 6. Be2 O-O 7. O-O c5 8. Qe1
d6 9. Qg3 Nbd7 10. d3 Re8 11. Nbd2 Bf8 12. e4 Nh5 13. Qh4 g6 14. Qxd8 Raxd8 15.
g3 Bg7 16. Bxg7 Nxg7 17. Nc4 Nb8 18. e5 d5 19. Nd6 Re7 20. d4 Nf5 21. Nxf5 gxf5
22. Rfd1 Rc7 23. dxc5 bxc5 24. c4 d4 25. Ne1 Be4 26. Bd3 Nc6 27. Nc2 Rb7 28.
Kf2 f6 29. exf6 e5 30. Ke2 Bxd3+ 31. Kxd3 e4+ 32. Kd2 Kf7 33. Rg1 h5 34. h3 Rg8
35. Rg2 Kxf6 36. Rag1 Rbg7 37. a3 a5 38. Kc1 Rb8 39. Na1 d3 40. g4 hxg4 41.
hxg4 fxg4 42. Rxg4 Rxg4 43. Rxg4 Nd4 44. Rg5 e3 45. Rxc5 e2 46. Re5 Nf3 0-1

[Event "III Open Dicembre"]
[Site "Arco ITA"]
[Date "2012.12.30"]
[Round "7"]
[White "Bevilacqua, Maurizio"]
[Black "Perich, Stefano"]
[WhiteElo "2092"]
[BlackElo "1870"]
[Result "1/2-1/2"]
[PlyCount "81"]
[EventDate "2012.12.26"]

1. d4 d5 2. c4 c6 3. cxd5 cxd5 4. Nc3 Nf6 5. Bf4 a6 6. e3 Nc6 7. Bd3 e6 8. Nge2
h6 9. Bg3 Bd6 10. Nf4 b6 11. Rc1 Bb7 12. Bb1 Rc8 13. O-O b5 14. Nh5 Nxh5 15.
Qxh5 Ne7 16. a3 g6 17. Qe2 f5 18. f4 Ng8 19. h3 Be7 20. Na2 Nf6 21. Rxc8 Qxc8
22. Rc1 Qd7 23. Be1 Kf7 24. Nb4 Bxb4 25. Bxb4 Rc8 26. Bc5 Ne4 27. Bxe4 dxe4 28.
b4 Bd5 29. Qf2 Qd8 30. Ra1 Bb3 31. Kh2 h5 32. Qb2 Qd5 33. Rb1 Bc4 34. Qf2 Qd8
35. Rb2 Qd5 36. Qh4 Qd8 37. Qe1 Qd5 38. g3 Bd3 39. Qa1 Qc4 40. Rf2 Qb3 41. Qb2
1/2-1/2

[Event "III Open Dicembre"]
[Site "Arco ITA"]
[Date "2012.12.30"]
[Round "7"]
[White "Horn, Peter"]
[Black "Allegranti, Luca"]
[WhiteElo "2149"]
[BlackElo "1927"]
[Result "1/2-1/2"]
[PlyCount "27"]
[EventDate "2012.12.26"]

1. c4 b6 2. Nc3 Bb7 3. e4 e6 4. Nge2 c5 5. g3 f5 6. d3 Be7 7. Bg2 Nf6 8. O-O
O-O 9. e5 Bxg2 10. exf6 Bxf1 11. fxe7 Qxe7 12. Qxf1 Nc6 13. f4 h6 14. Be3
1/2-1/2

[Event "III Open Dicembre"]
[Site "Arco ITA"]
[Date "2012.12.30"]
[Round "7"]
[White "Lezzerini, Marco"]
[Black "Thurner, Markus"]
[WhiteElo "1928"]
[BlackElo "1967"]
[Result "1/2-1/2"]
[PlyCount "35"]
[EventDate "2012.12.26"]

1. c4 f5 2. g3 Nf6 3. Bg2 e6 4. Nc3 Bb4 5. d3 Nc6 6. a3 Bxc3+ 7. bxc3 O-O 8.
Nf3 e5 9. O-O Qe8 10. a4 d6 11. Nd2 Qh5 12. e4 Qxd1 13. Rxd1 f4 14. Ba3 fxg3
15. fxg3 Bg4 16. Re1 b6 17. Nf1 Rae8 18. Ne3 1/2-1/2

[Event "III Open Dicembre"]
[Site "Arco ITA"]
[Date "2012.12.30"]
[Round "7"]
[White "Micheli, Carlo"]
[Black "Spornberger, Maximilian"]
[WhiteElo "2284"]
[BlackElo "2265"]
[Result "1-0"]
[PlyCount "145"]
[EventDate "2012.12.26"]

1. c4 g6 2. g3 Bg7 3. Bg2 d6 4. Nc3 e5 5. d3 Nc6 6. Rb1 Be6 7. b4 Qd7 8. b5 Nd8
9. e4 Ne7 10. h3 f5 11. Nge2 O-O 12. Nd5 Nc8 13. f4 c6 14. bxc6 bxc6 15. Ne3
fxe4 16. dxe4 Nb6 17. Qc2 Qf7 18. O-O exf4 19. Rxf4 Qd7 20. Rxf8+ Kxf8 21. Kh2
Nf7 22. Bb2 Ne5 23. c5 dxc5 24. Qxc5+ Qe7 25. Rf1+ Bf7 26. Qc1 Kg8 27. Qa1 Na4
28. Bxe5 Bxe5 29. Qc1 Rc8 30. Ng4 Bg7 31. e5 Be6 32. Nf6+ Kh8 33. Nd4 c5 34.
Qa3 Nb6 35. Nc6 Qc7 36. Qxc5 Nd7 37. Qd4 Nb8 38. Nxa7 Rd8 39. Qh4 h6 40. Nb5
Qxe5 41. Ng4 Qg5 42. Qxg5 hxg5 43. a4 Rd2 44. Rf2 Rxf2 45. Nxf2 Bb3 46. a5 Bc4
47. Nd6 Ba6 48. Nf7+ Kg8 49. Nxg5 Bc3 50. Bd5+ Kh8 51. Be4 Kg7 52. Ne6+ Kf7 53.
Nf4 g5 54. Bd5+ Ke7 55. Ne4 gxf4 56. Nxc3 fxg3+ 57. Kxg3 Nd7 58. Ne4 Kf8 59.
Kf4 Kg7 60. Kf5 Nf8 61. h4 Kh6 62. Nc5 Bb5 63. Bf7 Kg7 64. Bb3 Kh6 65. Ba4 Bc4
66. Be8 Nh7 67. Ke5 Kg7 68. Kd4 Bf1 69. Ne4 Kf8 70. Bg6 Kg7 71. Bxh7 Kxh7 72.
Ng3 Ba6 73. Kc5 1-0

[Event "III Open Dicembre"]
[Site "Arco ITA"]
[Date "2012.12.30"]
[Round "7"]
[White "Mora, Massimo"]
[Black "Paniga, Danilo"]
[WhiteElo "2011"]
[BlackElo "1859"]
[Result "1-0"]
[PlyCount "39"]
[EventDate "2012.12.26"]

1. Nf3 f5 2. d4 Nf6 3. c4 g6 4. Nc3 Bg7 5. g3 O-O 6. Bg2 d6 7. O-O Qe8 8. d5 a5
9. Nd4 Na6 10. e4 Nxe4 11. Nxe4 fxe4 12. Bxe4 Bh3 13. Re1 Nc5 14. Bg2 Bxg2 15.
Kxg2 Qf7 16. f4 Rae8 17. Ne6 Nxe6 18. Rxe6 Qf5 19. Qe2 Rf7 20. g4 1-0

[Event "III Open Dicembre"]
[Site "Arco ITA"]
[Date "2012.12.30"]
[Round "7"]
[White "Simoni, Giulio"]
[Black "Binder, Andrea"]
[WhiteElo "1704"]
[BlackElo "1882"]
[Result "1-0"]
[PlyCount "121"]
[EventDate "2012.12.26"]

1. e4 d6 2. d4 Nf6 3. Nc3 g6 4. Bc4 Bg7 5. Nge2 O-O 6. O-O Nxe4 7. Nxe4 d5 8.
Bd3 dxe4 9. Bxe4 c6 10. c3 Nd7 11. Qc2 Nf6 12. Bd3 Nd5 13. Nf4 Bd7 14. Bd2 Qc7
15. Nxd5 cxd5 16. Rae1 Rfe8 17. f4 Qb6 18. Be3 Bb5 19. Bxb5 Qxb5 20. f5 Qc6 21.
Rf3 Rac8 22. Ref1 b5 23. Qd2 a5 24. fxg6 fxg6 25. Bh6 Rf8 26. Bxg7 Kxg7 27. Qg5
Rf6 28. Qe5 Kf7 29. Re1 Rc7 30. Rh3 Kg8 31. Qg5 Qd6 32. Qh4 Rf7 33. Rhe3 Kf8
34. Re6 Qf4 35. Qxf4 Rxf4 36. Rb6 b4 37. cxb4 axb4 38. Rxb4 Rc2 39. Rf1 g5 40.
a4 Ke8 41. Rxf4 gxf4 42. a5 Kd7 43. Rb7+ Kc6 44. Rxe7 Rxb2 45. Rxh7 Ra2 46. Ra7
Kb5 47. h4 Ra1+ 48. Kh2 Kc4 49. h5 Ra2 50. Kh3 Kxd4 51. h6 Ra3+ 52. Kg4 Rg3+
53. Kxf4 Rxg2 54. h7 Rh2 55. Rc7 Rf2+ 56. Kg3 Rf8 57. a6 Ke5 58. a7 d4 59. Rg7
d3 60. Rg8 d2 61. h8=Q+ 1-0

[Event "III Open Dicembre"]
[Site "Arco ITA"]
[Date "2012.12.30"]
[Round "7"]
[White "Spornberger, Andre"]
[Black "Petragnani, Alessandro"]
[WhiteElo "2058"]
[BlackElo "1922"]
[Result "1/2-1/2"]
[PlyCount "71"]
[EventDate "2012.12.26"]

1. e4 g6 2. d4 d6 3. Nf3 Bg7 4. Nc3 a6 5. a4 Nf6 6. h3 O-O 7. Be3 Nc6 8. Bc4
Nxe4 9. Nxe4 d5 10. Bd3 dxe4 11. Bxe4 Qd6 12. O-O e6 13. c3 b6 14. Ne5 Bxe5 15.
dxe5 Qxd1 16. Rfxd1 Bb7 17. Bg5 Rab8 18. Bxc6 Bxc6 19. Bf6 Bd5 20. Rd4 c5 21.
Rf4 c4 22. h4 Rb7 23. h5 Ra8 24. Rd4 b5 25. axb5 Rxb5 26. Rd2 Rb7 27. f3 a5 28.
Kf2 Kf8 29. hxg6 fxg6 30. Ke3 Ke8 31. g4 Kd7 32. f4 Kc6 33. Bh4 Rf7 34. Bf6 Rb7
35. Bh4 Rf7 36. Bf6 1/2-1/2

[Event "XVIII Open A"]
[Site "Gioiosa Marea ITA"]
[Date "2012.07.15"]
[Round "6"]
[White "Grichkevitch, Gilles"]
[Black "Ristic, Nenad"]
[WhiteElo "2116"]
[BlackElo "2414"]
[Result "0-1"]
[PlyCount "40"]
[EventDate "2012.07.08"]

1. e4 e5 2. d4 exd4 3. Qxd4 Nc6 4. Qe3 Nf6 5. Nc3 Bb4 6. Bd2 O-O 7. O-O-O Re8
8. Qg3 Nxe4 9. Nxe4 Rxe4 10. Bg5 Be7 11. h4 d6 12. f3 Ra4 13. Kb1 Bf5 14. Bb5
Rb4 15. Bd3 Bxd3 16. cxd3 Qd7 17. Bd2 Bf6 18. b3 Rb5 19. Ne2 Qe6 20. Nc1 Qd5
0-1

[Event "IV Festival B"]
[Site "Codogno ITA"]
[Date "2012.09.21"]
[Round "1"]
[White "Acunzo, Domenico"]
[Black "Nordio, Giorgio"]
[WhiteElo "1743"]
[BlackElo "1566"]
[Result "1/2-1/2"]
[PlyCount "72"]
[EventDate "2012.09.21"]

1. e4 c6 2. d4 d5 3. exd5 cxd5 4. c4 Nf6 5. Nc3 Nc6 6. Bg5 dxc4 7. Bxf6 exf6 8.
d5 Ne5 9. Bxc4 Nxc4 10. Qa4+ Bd7 11. Qxc4 Rc8 12. Qe2+ Qe7 13. Qxe7+ Bxe7 14.
Nf3 Bb4 15. Rc1 Rc5 16. O-O Bxc3 17. Rxc3 Rxc3 18. Re1+ Kd8 19. bxc3 Bb5 20.
Nd2 Re8 21. Rxe8+ Kxe8 22. c4 Bd7 23. f4 b6 24. Kf2 Ke7 25. Ke3 Bf5 26. Kd4 Kd6
27. h3 h5 28. Nf1 Bd7 29. Ne3 h4 30. a3 a6 31. Nc2 Ba4 32. Ne1 g5 33. fxg5 fxg5
34. Nf3 f6 35. Nd2 Bd7 36. Ne4+ Ke7 1/2-1/2

[Event "IV Festival B"]
[Site "Codogno ITA"]
[Date "2012.09.21"]
[Round "1"]
[White "Biselli, Fabrizio"]
[Black "Biava, Pierluigi"]
[WhiteElo "1456"]
[BlackElo "1645"]
[Result "0-1"]
[PlyCount "92"]
[EventDate "2012.09.21"]

1. Nf3 c5 2. c4 Nc6 3. Nc3 e6 4. g3 Nf6 5. Bg2 Be7 6. O-O a6 7. b3 d5 8. cxd5
exd5 9. d4 O-O 10. Bb2 Bf5 11. Nh4 Be6 12. dxc5 Bxc5 13. e4 d4 14. Ne2 Qd7 15.
Nf3 Rad8 16. a3 h6 17. b4 Ba7 18. e5 Ng4 19. Qd2 Ngxe5 20. Nxe5 Nxe5 21. Rad1
Nc4 22. Qc1 Nxb2 23. Qxb2 Bc4 24. Rfe1 b5 25. Qd2 Rfe8 26. Nf4 Rxe1+ 27. Qxe1
g5 28. Nh5 Qe6 29. Qxe6 fxe6 30. Nf6+ Kf8 31. Ng4 Be2 32. Ne3 Bxd1 33. Nxd1 Rc8
34. Kf1 Rc2 35. Bb7 Ra2 36. Bxa6 Rxa3 37. Bxb5 Ke7 38. Bc6 Kd6 39. b5 Kc5 40.
f3 Bb6 41. Nf2 Kc4 42. Ne4 Rxf3+ 43. Ke2 Ra3 44. Nd2+ Kb4 45. Nb1 Ra2+ 46. Nd2
Kc3 0-1

[Event "IV Festival B"]
[Site "Codogno ITA"]
[Date "2012.09.21"]
[Round "1"]
[White "Botta, Massimiliano"]
[Black "Cautiero, Pietro"]
[WhiteElo "1476"]
[BlackElo "1694"]
[Result "0-1"]
[PlyCount "42"]
[EventDate "2012.09.21"]

1. e4 e6 2. d4 d5 3. Nc3 Bb4 4. exd5 exd5 5. Bf4 Nf6 6. a3 Be7 7. Bd3 O-O 8.
Nf3 Re8 9. O-O Nc6 10. Nb5 Bd6 11. Nxd6 cxd6 12. c4 dxc4 13. Bxc4 d5 14. Bd3
Bg4 15. Bb5 Bxf3 16. gxf3 Qb6 17. Bxc6 bxc6 18. b4 Re6 19. Be5 Nd7 20. Re1 Rae8
21. f4 f6 0-1

[Event "IV Festival B"]
[Site "Codogno ITA"]
[Date "2012.09.21"]
[Round "1"]
[White "Carbone, Lorenzo"]
[Black "Ruggeri, Igor"]
[WhiteElo "1737"]
[BlackElo "1545"]
[Result "1-0"]
[PlyCount "125"]
[EventDate "2012.09.21"]

1. e4 c5 2. Nf3 d6 3. d4 cxd4 4. Nxd4 Nf6 5. Nc3 g6 6. Be3 Bg7 7. f3 O-O 8. Qd2
Nc6 9. O-O-O a6 10. Bc4 Ne5 11. Bb3 b5 12. Bh6 Nc4 13. Bxc4 bxc4 14. Bxg7 Kxg7
15. e5 dxe5 16. Nc6 Qxd2+ 17. Rxd2 e6 18. Nxe5 Bb7 19. Nxc4 Nd5 20. Nxd5 exd5
21. Nb6 Rad8 22. Rhd1 Rfe8 23. Nxd5 Rxd5 24. Rxd5 Bxd5 25. Rxd5 Re2 26. Rd2
Re1+ 27. Rd1 Re2 28. Rg1 h6 29. b4 Kf6 30. Kb2 Ke6 31. Kb3 Kd5 32. a4 Re3+ 33.
c3 Kc6 34. Kc4 Re2 35. a5 Rb2 36. h4 Re2 37. g3 Re3 38. Rf1 Re2 39. Rg1 Rf2 40.
f4 Rf3 41. Rg2 Re3 42. Kd4 Rf3 43. Ke5 Rxc3 44. Kf6 Kb5 45. Kxf7 Rc6 46. Rb2
Ka4 47. g4 Ka3 48. Rb1 Rc4 49. Kxg6 Rxf4 50. Kxh6 Rxg4 51. h5 Ka2 52. Rc1 Rxb4
53. Rc6 Ka3 54. Rxa6 Ka4 55. Kg6 Rg4+ 56. Kh7 Kb5 57. Ra7 Kc6 58. h6 Rg5 59.
Kh8 Kd6 60. h7 Ke6 61. a6 Ra5 62. Kg8 Rg5+ 63. Rg7 1-0

[Event "IV Festival B"]
[Site "Codogno ITA"]
[Date "2012.09.21"]
[Round "1"]
[White "Casale, Anania"]
[Black "Vuckovic, Dimitrije"]
[WhiteElo "1723"]
[BlackElo "1517"]
[Result "1/2-1/2"]
[PlyCount "100"]
[EventDate "2012.09.21"]

1. d4 Nf6 2. c4 g6 3. Nc3 Bg7 4. e4 d6 5. Nf3 O-O 6. Be2 e5 7. d5 a5 8. Bd2 Bd7
9. Qc2 c6 10. O-O Na6 11. a3 Nc7 12. Bg5 c5 13. Nd2 Qc8 14. f4 Ng4 15. Bxg4
Bxg4 16. Be7 Re8 17. Bxd6 Na6 18. Nb5 Bd7 19. Bxe5 Bxb5 20. cxb5 Bxe5 21. fxe5
Nb8 22. Nc4 Qd8 23. Qf2 Qe7 24. Nd6 Rf8 25. Qg3 Nd7 26. Nc4 Rfe8 27. d6 Qe6 28.
Rac1 Nxe5 29. Nxe5 Qxe5 30. Qxe5 Rxe5 31. Rfe1 Rd8 32. Rcd1 b6 33. a4 f5 34.
exf5 Rxe1+ 35. Rxe1 Rxd6 36. fxg6 hxg6 37. Re2 Kf7 38. Kf2 Rd4 39. b3 Rd3 40.
Re3 Rd6 41. Kf3 Kf6 42. h4 Rd4 43. g4 c4 44. bxc4 Rxc4 45. Ra3 Ke6 46. Re3+ Kd5
47. h5 gxh5 48. gxh5 Rh4 49. Rd3+ Ke5 50. Re3+ Kd5 1/2-1/2

[Event "IV Festival B"]
[Site "Codogno ITA"]
[Date "2012.09.21"]
[Round "1"]
[White "Guasconi, Lelio"]
[Black "Sigillo, Carmelo"]
[WhiteElo "1577"]
[BlackElo "1768"]
[Result "1-0"]
[PlyCount "85"]
[EventDate "2012.09.21"]

1. e4 e5 2. d3 Bc5 3. Nf3 d6 4. g3 Bg4 5. Bg2 Nf6 6. O-O Qd7 7. Qe2 Nc6 8. c3
a5 9. Be3 Ba7 10. Bxa7 Nxa7 11. Qc2 Nc6 12. Nbd2 O-O 13. Rfe1 b5 14. d4 Rab8
15. Rad1 exd4 16. cxd4 Nb4 17. Qb1 Rfe8 18. a3 Nc6 19. Qc2 Nd8 20. Rc1 Re7 21.
Kh1 Rc8 22. Ng1 c5 23. d5 Nb7 24. f3 Bh5 25. Bh3 Qc7 26. Bxc8 Qxc8 27. Kg2 c4
28. b3 Rc7 29. bxc4 bxc4 30. Nxc4 Qd8 31. Re3 Bg6 32. Qd2 a4 33. Ne2 Nc5 34.
Nd4 Nfxe4 35. fxe4 Bxe4+ 36. Kg1 Bxd5 37. Qe2 Ne6 38. Nxe6 fxe6 39. Rec3 Qf6
40. Qf2 Qe7 41. Nxd6 Rxc3 42. Rxc3 Qd7 43. Rc8+ 1-0

[Event "IV Festival B"]
[Site "Codogno ITA"]
[Date "2012.09.21"]
[Round "1"]
[White "Marchesotti, Giovanni"]
[Black "Poletto, Daniele"]
[WhiteElo "1525"]
[BlackElo "1736"]
[Result "1/2-1/2"]
[PlyCount "41"]
[EventDate "2012.09.21"]

1. Nf3 Nf6 2. g3 d5 3. Bg2 g6 4. O-O Bg7 5. d4 O-O 6. Nbd2 c6 7. c4 dxc4 8.
Nxc4 Nbd7 9. b3 Nb6 10. Bb2 Nxc4 11. bxc4 Be6 12. Nd2 Qd7 13. Qc2 Bh3 14. Rfd1
Bxg2 15. Kxg2 Rfd8 16. Ne4 Nxe4 17. Qxe4 e6 18. Qc2 Qc7 19. Rd3 Rd7 20. Rad1
Rad8 21. e3 1/2-1/2

[Event "IV Festival B"]
[Site "Codogno ITA"]
[Date "2012.09.21"]
[Round "1"]
[White "Marzatico, Luca"]
[Black "Giuria, Abramo"]
[WhiteElo "1515"]
[BlackElo "1717"]
[Result "1/2-1/2"]
[PlyCount "58"]
[EventDate "2012.09.21"]

1. e4 e5 2. Nf3 Nc6 3. Bc4 Bc5 4. O-O Nf6 5. Nc3 O-O 6. d3 d5 7. Bg5 h6 8. Bh4
Bg4 9. h3 Bh5 10. Nxd5 g5 11. Nxf6+ Qxf6 12. Bg3 Bxf3 13. gxf3 a6 14. c3 b5 15.
Bb3 Ne7 16. a4 b4 17. c4 a5 18. Bc2 Bd4 19. Rb1 Ng6 20. Kh1 Kh7 21. Qe2 c5 22.
b3 Nf4 23. Bxf4 Qxf4 24. Rg1 Qh4 25. Rg3 f6 26. Kh2 Qf4 27. Kh1 Qh4 28. Kh2 Qf4
29. Kh1 Qh4 1/2-1/2

[Event "IV Festival B"]
[Site "Codogno ITA"]
[Date "2012.09.21"]
[Round "1"]
[White "Menato, Nazario"]
[Black "Losi, Paolo"]
[WhiteElo "1555"]
[BlackElo "1742"]
[Result "0-1"]
[PlyCount "78"]
[EventDate "2012.09.21"]

1. Nf3 c5 2. e4 Nc6 3. c3 d5 4. exd5 Qxd5 5. Be2 e5 6. d3 Bf5 7. O-O O-O-O 8.
Ne1 e4 9. Qa4 exd3 10. Bf3 Qd7 11. Bxc6 bxc6 12. Nf3 f6 13. Bf4 Qb7 14. Nbd2
Rd7 15. Rfe1 Ne7 16. Nc4 Nd5 17. Re8+ Rd8 18. Rxd8+ Kxd8 19. Qa5+ Kd7 20. Bg3
Nb6 21. Nxb6+ axb6 22. Qa4 b5 23. Qf4 Be6 24. Rd1 c4 25. Qd4+ Bd5 26. Qg4+ Kd8
27. Re1 Qd7 28. Qd4 Bd6 29. Qb6+ Qc7 30. Qe3 Bxg3 31. hxg3 Bxf3 32. gxf3 h5 33.
Qd4+ Kc8 34. Qc5 d2 35. Rd1 h4 36. Rxd2 hxg3 37. Qf5+ Kb8 38. fxg3 Qxg3+ 39.
Rg2 Qe1# 0-1

[Event "IV Festival B"]
[Site "Codogno ITA"]
[Date "2012.09.21"]
[Round "1"]
[White "Panizza, Luca"]
[Black "Gorini, Michele"]
[WhiteElo "1599"]
[BlackElo "1392"]
[Result "1-0"]
[PlyCount "53"]
[EventDate "2012.09.21"]

1. c4 e6 2. g3 Nf6 3. Bg2 d5 4. cxd5 exd5 5. d4 Be6 6. Nc3 Bb4 7. Bd2 O-O 8.
Nf3 Nbd7 9. O-O Rc8 10. a3 Be7 11. Bf4 a6 12. Rc1 c5 13. e3 Qb6 14. dxc5 Bxc5
15. b4 Be7 16. Be5 Bg4 17. Bd4 Qe6 18. Qe1 Ne4 19. Nxe4 dxe4 20. Nd2 Bf6 21.
Nxe4 Bxd4 22. exd4 Qh6 23. Qe3 Qxe3 24. fxe3 f5 25. Nd6 Rxc1 26. Rxc1 b6 27.
Bd5+ 1-0

[Event "IV Festival B"]
[Site "Codogno ITA"]
[Date "2012.09.21"]
[Round "1"]
[White "Plucani, Germano"]
[Black "Folcini, Gaddo"]
[WhiteElo "1422"]
[BlackElo "1606"]
[Result "0-1"]
[PlyCount "46"]
[EventDate "2012.09.21"]

1. d4 e5 2. e3 e4 3. Nd2 d5 4. c4 c6 5. Ne2 Nf6 6. Qc2 Bd6 7. c5 Bc7 8. Nc3 O-O
9. Be2 Ng4 10. h3 Qh4 11. Bxg4 Bxg4 12. Ne2 Bxe2 13. Kxe2 Nd7 14. Nf1 f5 15. a4
f4 16. exf4 Bxf4 17. Bxf4 Qxf4 18. Ke1 Rae8 19. Ne3 Qh4 20. Rf1 Nb8 21. Qe2 Na6
22. Qg4 Qf6 23. Qe2 Qxd4 0-1

[Event "IV Festival B"]
[Site "Codogno ITA"]
[Date "2012.09.21"]
[Round "1"]
[White "Raimondi, Celso"]
[Black "Fantina, Carla"]
[WhiteElo "1657"]
[BlackElo "1476"]
[Result "1-0"]
[PlyCount "69"]
[EventDate "2012.09.21"]

1. d4 Nf6 2. c4 g6 3. Nc3 Bg7 4. e4 d6 5. Nf3 c6 6. Be2 O-O 7. O-O Na6 8. Ne1
e5 9. d5 Nc5 10. Qc2 a5 11. Rb1 Qe8 12. Be3 Ng4 13. Bxg4 Bxg4 14. Nd3 Nxd3 15.
Qxd3 f5 16. f3 fxe4 17. fxe4 Qe7 18. Qd2 h6 19. Bxh6 Qh4 20. Bg5 Qh5 21. Be7
Rxf1+ 22. Rxf1 Bh6 23. Qe1 c5 24. Bxd6 b6 25. Be7 Bd7 26. d6 Qg4 27. Nd5 Qe6
28. Nc7 Qxc4 29. Nxa8 Qd4+ 30. Kh1 Bc6 31. Nxb6 c4 32. Qf2 Bxe4 33. Qf7+ Kh8
34. Bf6+ Bg7 35. Qxg7# 1-0

[Event "IV Festival B"]
[Site "Codogno ITA"]
[Date "2012.09.21"]
[Round "1"]
[White "Silini, Bruno"]
[Black "Attuati, Luca"]
[WhiteElo "1623"]
[BlackElo "1449"]
[Result "0-1"]
[PlyCount "120"]
[EventDate "2012.09.21"]

1. c4 e5 2. g3 c6 3. e4 Nf6 4. Nc3 Bc5 5. Bg2 d6 6. Nge2 Be6 7. d3 Qd7 8. O-O
h6 9. Be3 Bh3 10. Bxc5 Bxg2 11. Kxg2 dxc5 12. Qd2 O-O 13. f4 exf4 14. Nxf4 Na6
15. Nh3 Ng4 16. Qf4 Rae8 17. a3 f5 18. exf5 Ne3+ 19. Kg1 Nxf1 20. Rxf1 Qxd3 21.
Rd1 Qxf5 22. Qxf5 Rxf5 23. Rd7 Rf7 24. Rd2 Nc7 25. Nf4 Ne6 26. Re2 Rfe7 27. Ng6
Rd7 28. Nf4 Kf7 29. Ng2 Nd4 30. Rf2+ Kg8 31. Nf4 Kh7 32. h4 b5 33. Kg2 bxc4 34.
Rd2 Rf7 35. h5 Re5 36. Kh3 Re3 37. Kg4 Nf5 38. Nce2 Re8 39. Ng6 Ne3+ 40. Kh3
Rf5 41. Nef4 Nd5 42. Rd1 Nxf4+ 43. Nxf4 Re3 44. Kg4 Rg5+ 45. Kh3 Rexg3+ 46. Kh2
R3g4 47. Kh3 Rxf4 48. a4 Rxh5+ 49. Kg3 Rhf5 50. Rd6 c3 51. bxc3 Rxa4 52. Rxc6
h5 53. Rc7 Rg4+ 54. Kh2 Rf3 55. c4 Rxc4 56. Rxa7 Rc2+ 57. Kg1 Rff2 58. Ra1 g5
59. Kh1 h4 60. Ra7+ Kg6 0-1

[Event "IV Festival B"]
[Site "Codogno ITA"]
[Date "2012.09.21"]
[Round "1"]
[White "Swannie, Bryan"]
[Black "Scotti, Luigi"]
[WhiteElo "1702"]
[BlackElo "1491"]
[Result "1-0"]
[PlyCount "49"]
[EventDate "2012.09.21"]

1. d4 d5 2. c4 e6 3. Nf3 Nf6 4. g3 Nbd7 5. Bg2 c6 6. O-O dxc4 7. Qc2 Bd6 8.
Nbd2 O-O 9. Nxc4 Bc7 10. e4 b5 11. Ncd2 Bb7 12. Nb3 a5 13. e5 Nd5 14. Ng5 g6
15. Ne4 Rc8 16. Bh6 Re8 17. Bg5 f6 18. exf6 N7xf6 19. Nbc5 Ba8 20. Bh3 Rb8 21.
Bxe6+ Kg7 22. Bxd5 Nxd5 23. Bf6+ Qxf6 24. Nxf6 Kxf6 25. Nd7+ 1-0

[Event "IV Festival B"]
[Site "Codogno ITA"]
[Date "2012.09.22"]
[Round "2"]
[White "Attuati, Luca"]
[Black "Raimondi, Celso"]
[WhiteElo "1449"]
[BlackElo "1657"]
[Result "0-1"]
[PlyCount "58"]
[EventDate "2012.09.21"]

1. e4 c5 2. Nc3 a6 3. Nf3 d6 4. h3 e6 5. a4 Qc7 6. Bc4 Nf6 7. O-O Be7 8. Re1
Nc6 9. d3 O-O 10. Bf4 b6 11. e5 dxe5 12. Nxe5 Bd6 13. Qe2 Nd4 14. Qd2 Bb7 15.
Re3 Nf5 16. Re2 Nh4 17. Ne4 Nxe4 18. Rxe4 Bxe4 19. dxe4 Bxe5 20. Bxe5 Qxe5 21.
Qe2 a5 22. c3 Rad8 23. Qg4 Ng6 24. h4 h5 25. Qg5 Qxg5 26. hxg5 Rd2 27. f4 Nxf4
28. g3 Rg2+ 29. Kf1 Rxg3 0-1